Statistics for Queen Charting Songs (Billboard Hot 100)

Click here to take the quiz!

General Stats

  • This quiz has been taken 34 times
    (14 since last reset)
  • The average score is 11 of 23

Answer Stats

AlbumWeeks OnPeakArtist(s)Song% Correct
A Night At The Opera44 Weeks#2QueenBohemian Rhapsody
100%
The Game31 Weeks#1 (3 Weeks)QueenAnother One Bites The Dust
77%
Hot Space16 Weeks#29Queen & David BowieUnder Pressure
77%
News of the World41 Weeks#4QueenWe Are The Champions
69%
The Works13 Weeks#16QueenRadio Ga Ga
69%
The Miracle10 Weeks#50QueenI Want It All
62%
The Works8 Weeks#45QueenI Want To Break Free
62%
Five Live9 Weeks#30George Michael & QueenSomebody to Love
62%
Jazz4 Weeks#86QueenDon't Stop Me Now
62%
Jazz12 Weeks#24QueenBicycle Race / Fat Bottomed Girls
62%
Sheer Heart Attack19 Weeks#12QueenKiller Queen
54%
A Kind of Magic11 Weeks#42QueenA Kind of Magic
54%
A Night At The Opera16 Weeks#16QueenYou're My Best Friend
46%
The Game22 Weeks#1 (4 Weeks)QueenCrazy Little Thing Called Love
46%
Flash Gordon10 Weeks#42QueenFlash
46%
The Game9 Weeks#42QueenPlay The Game
46%
A Kind of Magic10 Weeks#61QueenOne Vision
31%
The Works4 Weeks#72QueenIt's A Hard Life
31%
Hot Space14 Weeks#11QueenBody Language
23%
A Day At The Races6 Weeks#49QueenTie Your Mother Down
15%
Hot Space6 Weeks#60QueenCalling All Girls
15%
News of the World5 Weeks#74QueenIt's Late
15%
The Game11 Weeks#44QueenNeed Your Loving Tonight
8%

Score Distribution

Percentile by Number Answered

Percent of People with Each Score

Your Score History

You have not taken this quiz since the last reset